[Event "FIN-chT 1920"]
[Site "Finland"]
[Date "2019.11.23"]
[Round "5.3"]
[White "Maki Uuro, Miika"]
[Black "Ronka, Erik"]
[Result "1-0"]
[WhiteElo "2332"]
[BlackElo "2313"]
[PlyCount "81"]
[EventDate "2019.09.14"]
[EventType "team-tourn"]
[EventRounds "11"]
[EventCountry "FIN"]
[SourceTitle "CBM 194 Extra"]
[Source "ChessBase"]
[SourceDate "2020.03.31"]
[SourceVersion "1"]
[SourceVersionDate "2020.03.31"]
[SourceQuality "1"]
[WhiteTeam "Helsinki Ninja"]
[BlackTeam "Vantaa EtVaS"]
[WhiteTeamCountry "FIN"]
[BlackTeamCountry "FIN"]

1. d4 d5 2. c4 c6 3. Nf3 Nf6 4. Qc2 Na6 5. cxd5 Nb4 6. Qb3 e5 7. dxe5 Qxd5 8. Qxd5 Nfxd5 9. Na3 Bf5 10. g3 Bc5 11. Bg2 0-0 12. 0-0 Rfe8 13. Bd2 Be4 14. Rfc1 Bf8 15. Rc4 Bxf3 16. Bxf3 a5 17. Rcc1 Rxe5 18. Nc4 Re6 19. a3 Na6 20. Nxa5 Nc5 21. Rab1 Ne4 22. Be1 Ra7 23. Nb3 Ndf6 24. Bg2 Nd6 25. Kf1 Nb5 26. f3 Nd5 27. e4 Ne3+ 28. Kf2 Nxg2 29. Kxg2 g6 30. Rd1 b6 31. Rd8 c5 32. Rbd1 Kg7 33. R1d7 Ra4 34. Bd2 Bd6 35. Bc3+ Kh6 36. Bd2+ Kg7 37. Bc3+ Nxc3 38. Rxd6 Nb5 39. Rxe6 fxe6 40. Rb8 Nd6 41. Rxb6 1-0

[Event "EU-Cup 35th"]
[Site "Ulcinj"]
[Date "2019.11.15"]
[Round "6.27"]
[White "Maki Uuro, Miika"]
[Black "Delaney, Killian"]
[Result "0-1"]
[WhiteElo "2332"]
[BlackElo "2245"]
[PlyCount "42"]
[EventDate "2019.11.10"]
[EventType "team-swiss"]
[EventRounds "7"]
[EventCountry "MNE"]
[SourceTitle "EXT 2021"]
[Source "ChessBase"]
[SourceDate "2020.10.23"]
[SourceVersion "1"]
[SourceVersionDate "2020.10.23"]
[SourceQuality "1"]
[WhiteTeam "Ninja"]
[BlackTeam "Gonzaga"]
[WhiteTeamCountry "FIN"]
[BlackTeamCountry "IRL"]

1. d4 d5 2. c4 Nc6 3. Nc3 Nf6 4. Bg5 Ne4 5. cxd5 Nxc3 6. bxc3 Qxd5 7. Nf3 e5 8. Nxe5 Bd6 9. Nf3 Bg4 10. Qb3 Bxf3 11. gxf3 Qxg5 12. Qxb7 Kd7 13. f4 Qa5 14. Qb3 Nxd4 15. Qxf7+ Kd8 16. Kd1 Qa4+ 17. Ke1 Nc2+ 18. Kd2 Na3 19. e3 Qd7 20. Qxd7+ Kxd7 21. c4 Bc5 0-1

[Event "Lahti LahS Weekend-A"]
[Site "Lahti"]
[Date "2019.08.18"]
[Round "3"]
[White "Maki Uuro, Miika"]
[Black "Jarvenpaa, Jari"]
[Result "1-0"]
[WhiteElo "2338"]
[BlackElo "2253"]
[PlyCount "65"]
[EventDate "2019.08.17"]
[EventType "swiss"]
[EventRounds "4"]
[EventCountry "FIN"]
[SourceTitle "CBM 192 Extra"]
[Source "Chessbase"]
[SourceDate "2019.11.06"]
[SourceVersion "1"]
[SourceVersionDate "2019.11.06"]
[SourceQuality "1"]

1. d4 f5 2. Bg5 g6 3. Nc3 d5 4. e3 Bg7 5. h4 h6 6. Bf4 c6 7. Nf3 Nd7 8. Bd3 e6 9. g4 Ngf6 10. Ne5 Nxe5 11. Bxe5 Qe7 12. gxf5 exf5 13. Rg1 Kf7 14. Qf3 h5 15. Qg3 Ng4 16. Bxg7 Kxg7 17. 0-0-0 Qf7 18. f3 Nf6 19. e4 dxe4 20. fxe4 Ng4 21. Rgf1 Rf8 22. exf5 Bxf5 23. Bxf5 gxf5 24. Qf4 Qf6 25. Ne2 Qh6 26. Ng3 Ne3 27. Nxh5+ Kh7 28. Qc7+ Kg8 29. Nf4 Nxd1 30. Rg1+ Kh8 31. Rg6 Qxh4 32. Qe5+ Kh7 33. Qg7# 1-0

[Event "FIN-ch"]
[Site "Helsinki"]
[Date "2017.06.18"]
[Round "7"]
[White "Maki Uuro, Miika"]
[Black "Virtanen, Teemu"]
[Result "0-1"]
[WhiteElo "2337"]
[BlackElo "2141"]
[PlyCount "72"]
[EventDate "2017.06.12"]
[EventType "tourn"]
[EventRounds "7"]
[EventCountry "FIN"]
[EventCategory "6"]
[SourceTitle "CBM 178 Extra"]
[Source "ChessBase"]
[SourceDate "2017.06.22"]
[SourceVersion "1"]
[SourceVersionDate "2017.06.22"]
[SourceQuality "1"]

1. d4 d6 2. e4 Nf6 3. Nc3 Nbd7 4. Nf3 e5 5. g4 Nxg4 6. Rg1 Ngf6 7. Be3 c6 8. Qd2 Qe7 9. 0-0-0 g6 10. Bc4 Bg7 11. dxe5 dxe5 12. Ng5 0-0 13. a3 Nb6 14. Ba2 Ng4 15. Bxb6 axb6 16. Nxf7 Rxf7 17. Qd8+ Bf8 18. Rxg4 Bxg4 19. Qxa8 Bxd1 20. Nxd1 Kg7 21. Bxf7 Kxf7 22. Kb1 Qd7 23. Ne3 b5 24. Qb8 Bg7 25. a4 bxa4 26. Qa7 Bh6 27. Nc4 Bf4 28. h3 Kf6 29. Qc5 h5 30. h4 Qe7 31. Qb6 g5 32. Ne3 Bxe3 33. Qxe3 Kg6 34. hxg5 Qxg5 35. Qh3 Qg1+ 36. Ka2 Qxf2 0-1

[Event "FIN-ch"]
[Site "Helsinki"]
[Date "2017.06.16"]
[Round "5"]
[White "Maki Uuro, Miika"]
[Black "Agopov, Mikael"]
[Result "0-1"]
[WhiteElo "2337"]
[BlackElo "2423"]
[PlyCount "120"]
[EventDate "2017.06.12"]
[EventType "tourn"]
[EventRounds "7"]
[EventCountry "FIN"]
[EventCategory "6"]
[SourceTitle "CBM 178 Extra"]
[Source "ChessBase"]
[SourceDate "2017.06.22"]
[SourceVersion "1"]
[SourceVersionDate "2017.06.22"]
[SourceQuality "1"]

1. Nf3 c5 2. c4 Nc6 3. d4 cxd4 4. Nxd4 Nf6 5. g3 Qb6 6. Nc2 Ne5 7. b3 Qc6 8. f3 e6 9. Bb2 d6 10. Bg2 Be7 11. 0-0 Qc7 12. f4 Ned7 13. Nc3 a6 14. e4 Rb8 15. Kh1 b6 16. Qe2 0-0 17. Rae1 Bb7 18. e5 Bxg2+ 19. Kxg2 dxe5 20. fxe5 Qb7+ 21. Qf3 Ng4 22. Qxb7 Rxb7 23. Nd1 Nc5 24. h3 Nh6 25. Nf2 Nf5 26. Ne3 Nxe3+ 27. Rxe3 Rd8 28. Re2 Rbd7 29. Ba3 Rd2 30. Rfe1 Kf8 31. Bxc5 Bxc5 32. Ne4 Rxe2+ 33. Rxe2 Bb4 34. Ng5 h6 35. Nf3 Rd3 36. Kf2 Bc5+ 37. Kg2 Bb4 38. Kf2 Ke8 39. Ne1 Bc5+ 40. Kg2 Rd1 41. Nc2 Rd3 42. h4 Rc3 43. Ne1 a5 44. Rd2 a4 45. Rd3 Rc1 46. Nf3 Rc2+ 47. Rd2 Rc3 48. bxa4 Rxc4 49. h5 Rxa4 50. Re2 Kd7 51. Kh3 Ra3 52. Ne1 Kc6 53. Ng2 b5 54. Kg4 Bd4 55. Nh4 Ra4 56. Kh3 Kd5 57. Nf3 Bc3 58. g4 Re4 59. Rc2 b4 60. a3 Re3 0-1

[Event "FIN-ch"]
[Site "Helsinki"]
[Date "2017.06.13"]
[Round "2"]
[White "Sipila, Vilka"]
[Black "Maki Uuro, Miika"]
[Result "0-1"]
[WhiteElo "2415"]
[BlackElo "2337"]
[PlyCount "72"]
[EventDate "2017.06.12"]
[EventType "tourn"]
[EventRounds "7"]
[EventCountry "FIN"]
[EventCategory "6"]
[SourceTitle "CBM 178 Extra"]
[Source "ChessBase"]
[SourceDate "2017.06.22"]
[SourceVersion "1"]
[SourceVersionDate "2017.06.22"]
[SourceQuality "1"]

1. b3 g6 2. Bb2 Nf6 3. d4 d5 4. Nc3 Bg7 5. Qd2 0-0 6. 0-0-0 c6 7. f3 a5 8. e4 dxe4 9. fxe4 e5 10. d5 cxd5 11. Nxd5 Nxd5 12. exd5 a4 13. Ne2 axb3 14. axb3 Bg4 15. h3 Bxe2 16. Bxe2 Nd7 17. h4 Ra2 18. Qb4 Qa8 19. Bb5 Nf6 20. Kb1 Rd8 21. d6 e4 22. c3 b6 23. Qc4 Ng4 24. Bc6 Qa7 25. Qxe4 Nf2 26. Qe7 Rxb2+ 27. Kxb2 Qb8 28. d7 Bf8 29. Qf6 Nxh1 30. Rxh1 Bg7 31. Qe7 Bf8 32. Qf6 Bg7 33. Qg5 h6 34. Qd2 b5 35. b4 Qb6 36. Re1 Qxc6 0-1

[Event "Maastricht Limburg op-A 11th"]
[Site "Maastricht"]
[Date "2017.06.03"]
[Round "3"]
[White "Maki Uuro, Miika"]
[Black "Hilverda, Alexander"]
[Result "1-0"]
[WhiteElo "2337"]
[BlackElo "2382"]
[PlyCount "177"]
[EventDate "2017.06.02"]
[EventType "swiss"]
[EventRounds "7"]
[EventCountry "NED"]
[SourceTitle "CBM 178 Extra"]
[Source "ChessBase"]
[SourceDate "2017.06.22"]
[SourceVersion "1"]
[SourceVersionDate "2017.06.22"]
[SourceQuality "1"]

1. d4 d5 2. c4 e6 3. Nc3 Bb4 4. e3 Nf6 5. a3 Bxc3+ 6. bxc3 c6 7. Bd3 0-0 8. Nf3 b6 9. a4 Ba6 10. cxd5 Bxd3 11. Qxd3 cxd5 12. Ba3 Re8 13. 0-0 Nc6 14. c4 dxc4 15. Qxc4 Na5 16. Qa6 Qc8 17. Qb5 Qb7 18. Rab1 Qd5 19. Bb4 Nc6 20. Bd2 Rac8 21. Rfc1 Qxb5 22. axb5 Ne7 23. Ne5 Rxc1+ 24. Rxc1 Rc8 25. Nc6 Nxc6 26. Rxc6 Ra8 27. f3 h6 28. e4 Rd8 29. Rc4 Ne8 30. Bf4 f5 31. Kf2 Nf6 32. Ke3 fxe4 33. fxe4 g5 34. Bg3 Ne8 35. Be5 h5 36. h3 Kf7 37. Ra4 Ra8 38. d5 Ke7 39. Kd4 exd5 40. exd5 Nd6 41. Bxd6+ Kxd6 42. Rc4 Rf8 43. Rc6+ Kd7 44. Rg6 Rf5 45. Ke4 Rf1 46. Rxg5 h4 47. Rg7+ Kd6 48. Rxa7 Re1+ 49. Kf3 Rf1+ 50. Ke2 Rf6 51. Ra4 Rh6 52. Rc4 Kxd5 53. Rc8 Re6+ 54. Kf3 Rf6+ 55. Ke3 Rg6 56. Kf2 Rf6+ 57. Kg1 Rg6 58. Kh2 Re6 59. Rh8 Re4 60. g4 hxg3+ 61. Kxg3 Kc4 62. Rh5 Kb4 63. Rg5 Rc4 64. h4 Rc3+ 65. Kg4 Rc4+ 66. Kh5 Ka4 67. Rf5 Rc1 68. Kg6 Rg1+ 69. Rg5 Rd1 70. h5 Rd6+ 71. Kg7 Rd7+ 72. Kf6 Rd6+ 73. Ke7 Rh6 74. Rf5 Kb4 75. Kf7 Rd6 76. Kg7 Rd7+ 77. Kg6 Rd6+ 78. Kg5 Rd1 79. h6 Rg1+ 80. Kf6 Rh1 81. Kg6 Rg1+ 82. Rg5 Rd1 83. h7 Rd8 84. Kh5 Ka5 85. Rg8 Rd1 86. h8Q Rh1+ 87. Kg4 Rxh8 88. Rxh8 Kxb5 89. Kf3 1-0

[Event "FIN-chT 1617"]
[Site "Finland"]
[Date "2016.12.11"]
[Round "6.2"]
[White "Maki Uuro, Miika"]
[Black "Sammalvuo, Tapani"]
[Result "1/2-1/2"]
[WhiteElo "2344"]
[BlackElo "2417"]
[PlyCount "90"]
[EventDate "2016.09.17"]
[EventType "team-tourn"]
[EventRounds "11"]
[EventCountry "FIN"]
[SourceTitle "EXT 2018"]
[Source "ChessBase"]
[SourceDate "2017.10.13"]
[SourceVersion "1"]
[SourceVersionDate "2017.10.13"]
[SourceQuality "1"]
[WhiteTeam "Espoo MatSK"]
[BlackTeam "Helsinki Velhot"]
[WhiteTeamCountry "FIN"]
[BlackTeamCountry "FIN"]

1. Nf3 Nf6 2. c4 e6 3. g3 b6 4. Bg2 Bb7 5. 0-0 Be7 6. d4 0-0 7. Nc3 Na6 8. Bg5 c5 9. Rc1 h6 10. Bxf6 Bxf6 11. dxc5 Nxc5 12. Qd2 Rc8 13. Rfd1 Ne4 14. Nxe4 Bxe4 15. Ne1 Bh7 16. Nf3 Qe7 17. Nd4 a6 18. Bb7 Rc7 19. Bxa6 Ra7 20. Bb5 Rxa2 21. Ra1 Rxa1 22. Rxa1 Qd6 23. e3 Be4 24. Ra7 Ra8 25. Rxa8+ Bxa8 26. Nf3 Qc5 27. Ne1 d6 28. f4 h5 29. b4 Qc7 30. Ba4 Qa7 31. Bd1 Qa1 32. Qxd6 Be4 33. Kf1 Bc3 34. c5 bxc5 35. bxc5 Qc1 36. Kf2 Bd2 37. Qd8+ Kh7 38. Nf3 Bxe3+ 39. Ke2 Bxc5 40. Ng5+ Kg6 41. Nxe4 Qe3+ 42. Kf1 Qg1+ 43. Ke2 Qe3+ 44. Kf1 Qg1+ 45. Ke2 Qe3+ 1/2-1/2

[Event "FIN-ch"]
[Site "Helsinki"]
[Date "2016.05.19"]
[Round "6"]
[White "Maki Uuro, Miika"]
[Black "Koykka, Pekka"]
[Result "1/2-1/2"]
[WhiteElo "2345"]
[BlackElo "2327"]
[PlyCount "115"]
[EventDate "2016.05.14"]
[EventType "tourn"]
[EventRounds "9"]
[EventCountry "FIN"]
[EventCategory "4"]
[SourceTitle "CBM 172 Extra"]
[Source "ChessBase"]
[SourceDate "2016.06.21"]
[SourceVersion "1"]
[SourceVersionDate "2016.06.21"]
[SourceQuality "1"]

1. Nf3 f5 2. c4 Nf6 3. g3 d6 4. d4 g6 5. Bg2 Bg7 6. Nc3 0-0 7. 0-0 Nc6 8. d5 Na5 9. Qa4 c5 10. dxc6 Nxc6 11. Rd1 Qb6 12. Nd5 Nxd5 13. cxd5 Qb4 14. Qxb4 Nxb4 15. Bg5 Re8 16. a3 Na6 17. Nd4 Bd7 18. Ne6 Bh8 19. Rac1 Rac8 20. Rxc8 Bxc8 21. b3 Bd7 22. e4 fxe4 23. Bxe4 Nc5 24. Nxc5 dxc5 25. d6 e6 26. Be3 b6 27. h4 Kf7 28. h5 Bf6 29. Kg2 gxh5 30. Rh1 h4 31. gxh4 Rg8+ 32. Kf1 Rg4 33. Bxh7 Bc6 34. Rh2 Rxh4 35. Rxh4 Bxh4 36. Ke2 Ke8 37. Bf4 Kd7 38. Be5 Bd5 39. Bc2 Bg5 40. f4 Bh6 41. f5 exf5 42. Bxf5+ Be6 43. Bxe6+ Kxe6 44. d7 Kxd7 45. a4 Kc6 46. Kd3 Kd5 47. Bg3 Bg7 48. Be1 Be5 49. Bd2 a6 50. Be1 b5 51. axb5 axb5 52. Kc2 Ke4 53. Bf2 c4 54. bxc4 bxc4 55. Bh4 c3 56. Be1 Bd4 57. Bxc3 Bxc3 58. Kxc3 1/2-1/2

[Event "FIN-ch"]
[Site "Helsinki"]
[Date "2016.05.16"]
[Round "3"]
[White "Jarvenpaa, Jari"]
[Black "Maki Uuro, Miika"]
[Result "1/2-1/2"]
[WhiteElo "2295"]
[BlackElo "2345"]
[PlyCount "40"]
[EventDate "2016.05.14"]
[EventType "tourn"]
[EventRounds "9"]
[EventCountry "FIN"]
[EventCategory "4"]
[SourceTitle "CBM 172 Extra"]
[Source "ChessBase"]
[SourceDate "2016.06.21"]
[SourceVersion "1"]
[SourceVersionDate "2016.06.21"]
[SourceQuality "1"]

1. e4 d5 2. exd5 Qxd5 3. Nc3 Qa5 4. d4 Nf6 5. Nf3 Bf5 6. Bc4 e6 7. Bd2 c6 8. Qe2 Bb4 9. Ne5 Nbd7 10. Nxd7 Nxd7 11. 0-0-0 0-0-0 12. a3 Bxc3 13. Bxc3 Qc7 14. Bb3 Kb8 15. f3 Ka8 16. Be1 h5 17. Bg3 Qa5 18. Be1 Qc7 19. Bg3 Qa5 20. Be1 Qc7 1/2-1/2